Normal view
MARC view
- النفيعي،عبدالله مصلح؛مراجعة ابو هنطش عبدالحميد؛تفديم محمد عثمان الجلعي
Entry Personal Name
001 - CONTROL NUMBER
- control field: 9968
003 - CONTROL NUMBER IDENTIFIER
- control field: JO-AjAnu
005 - DATE AND TIME OF LATEST TRANSACTION
- control field: 20230606071913.0
008 - FIXED-LENGTH DATA ELEMENTS
- fixed length control field: 230606|| aca||aabn | a|a d
040 ## - CATALOGING SOURCE
- Original cataloging agency: JO-AjAnu
- Transcribing agency: JO-AjAnu
100 ## - HEADING--PERSONAL NAME
- Personal name: النفيعي،عبدالله مصلح؛مراجعة ابو هنطش عبدالحميد؛تفديم محمد عثمان الجلعي
670 ## - SOURCE DATA FOUND
- Source citation: Work cat.: (JO-AjAnu)5138: النفيعي،عبدالله مصلح؛مراجعة ابو هنطش عبدالحميد؛تفديم محمد عثمان الجلعي, author, مقدمة في الطرق النوعية التقنية لاعداد تنبؤات وتقديرات خطط وبرامج العمل المستقبلية